| 000 | 00535nam a2200181Ia 4500 | ||
|---|---|---|---|
| 003 | IN-BaIIA | ||
| 008 | 211028s9999 xx 000 0 eng d | ||
| 040 | _cIIA Library | ||
| 080 |
_a535.33(03) _bCLA |
||
| 245 | 4 |
_aThe encyclopedia of spectroscopy _cedited by George Clark |
|
| 260 |
_aNew York _bReinhold Publishing _c1960 |
||
| 300 | _axvi, 787p. | ||
| 650 |
_aAbsorption spectroscopy _91788 |
||
| 650 | _aAstronomy and Astrophysics thesaurus | ||
| 650 |
_aSpectroscopy _91535 |
||
| 700 |
_aClark, George, ed. _93744 |
||
| 942 | _cBK | ||
| 999 |
_c1978 _d1978 |
||